[Event "SRB-chT Premier"]
[Site "Bajina Basta"]
[Date "2023.09.19"]
[Round "2.6"]
[White "Petrovic, Nikola V"]
[Black "Stankovic, Milos"]
[Result "1/2-1/2"]
[WhiteElo "2096"]
[BlackElo "2467"]
[PlyCount "79"]
[EventDate "2023.09.18"]
[EventType "team-tourn"]
[EventRounds "11"]
[EventCountry "SRB"]
[SourceTitle "EXT 2024"]
[Source "ChessBase"]
[SourceDate "2023.10.10"]
[SourceVersion "1"]
[SourceVersionDate "2023.10.10"]
[SourceQuality "1"]
[WhiteTeam "Petrovaradin Kraljica"]
[BlackTeam "Elemir Naftagas"]
[WhiteTeamCountry "SRB"]
[BlackTeamCountry "SRB"]

1. e4 c5 2. Nf3 d6 3. d4 cxd4 4. Nxd4 Nf6 5. Nc3 Nc6 6. Bg5 g6 7. Bc4 Bg7 8. Nxc6 bxc6 9. 0-0 0-0 10. Qd2 Qb6 11. Bb3 Ba6 12. Rfe1 Rad8 13. Rad1 Rfe8 14. Na4 Qc7 15. c4 Ng4 16. Qf4 Ne5 17. c5 Qa5 18. cxd6 Rxd6 19. Qe3 Nd3 20. e5 Rdd8 21. Re2 Nxe5 22. Red2 Rxd2 23. Qxd2 Qxd2 24. Rxd2 Nc4 25. Rd7 Nxb2 26. Rxa7 Bc4 27. Nxb2 Bxb3 28. axb3 Bxb2 29. Rxe7 Rxe7 30. Bxe7 f5 31. Kf1 Kf7 32. Bb4 Ke6 33. Ke2 Bd4 34. f3 Ke5 35. Kd3 Kd5 36. Be7 Be5 37. h3 h5 38. g4 fxg4 39. fxg4 hxg4 40. hxg4 1/2-1/2

[Event "Vojvodina-chT 2nd League"]
[Site "Backa Palanka"]
[Date "2020.10.23"]
[Round "11.6"]
[White "Matkovic, Simana"]
[Black "Petrovic, Nikola V"]
[Result "0-1"]
[WhiteElo "1964"]
[BlackElo "2114"]
[PlyCount "112"]
[EventDate "2020.10.16"]
[EventType "team-tourn"]
[EventRounds "11"]
[EventCountry "SRB"]
[SourceTitle "EXT 2022"]
[Source "ChessBase"]
[SourceDate "2021.10.06"]
[SourceVersion "1"]
[SourceVersionDate "2021.10.06"]
[SourceQuality "1"]
[WhiteTeam "Sombor"]
[BlackTeam "Petrovaradin Kraljica"]
[WhiteTeamCountry "SRB"]
[BlackTeamCountry "SRB"]

1. d4 d5 2. Bf4 c5 3. e3 cxd4 4. exd4 Nc6 5. c3 Bf5 6. Nf3 Nf6 7. Nbd2 e6 8. Qb3 Qc8 9. Nh4 Bg6 10. Nxg6 hxg6 11. Bd3 Be7 12. Qc2 Qd7 13. Nf3 Nh5 14. Be3 0-0-0 15. 0-0-0 Kb8 16. Ne5 Nxe5 17. dxe5 f5 18. g4 fxg4 19. Bxg6 Rdf8 20. Rd4 Qc7 21. Qa4 Bc5 22. Rxg4 Bxe3+ 23. fxe3 Qxe5 24. Qd4 Qxd4 25. exd4 Nf6 26. Rg3 Rh6 27. h4 Kc7 28. h5 Rfh8 29. Re1 Kd6 30. Bf7 Nxh5 31. Bxh5 Rxh5 32. Rxg7 R8h7 33. Rg6 Re7 34. Re2 Rh1+ 35. Kc2 b5 36. Kb3 Ra1 37. a3 a5 38. Rh6 Rd1 39. Kc2 Rg1 40. Rf6 Rg8 41. Rh6 b4 42. axb4 axb4 43. cxb4 Rc8+ 44. Kd3 Rc4 45. b3 Rxb4 46. Kc3 Rb6 47. Kb2 Kd7 48. Re1 Rg7 49. Re3 Rg2+ 50. Kc3 Rc6+ 51. Kb4 Rg4 52. Rh7+ Kd6 53. Kb5 Rc8 54. Rh6 Rb8+ 55. Ka5 Re4 56. Rd3 Re1 0-1

[Event "Vojvodina-chT 2nd League"]
[Site "Backa Palanka"]
[Date "2020.10.16"]
[Round "1.6"]
[White "Petrovic, Nikola V"]
[Black "Mitrovic, Zivadin"]
[Result "0-1"]
[WhiteElo "2114"]
[BlackElo "2170"]
[PlyCount "110"]
[EventDate "2020.10.16"]
[EventType "team-tourn"]
[EventRounds "11"]
[EventCountry "SRB"]
[SourceTitle "EXT 2022"]
[Source "ChessBase"]
[SourceDate "2021.10.06"]
[SourceVersion "1"]
[SourceVersionDate "2021.10.06"]
[SourceQuality "1"]
[WhiteTeam "Petrovaradin Kraljica"]
[BlackTeam "Opovo Bata Cosic"]
[WhiteTeamCountry "SRB"]
[BlackTeamCountry "SRB"]

1. e4 d5 2. exd5 Nf6 3. d4 Bg4 4. Bb5+ Nbd7 5. f3 Bf5 6. c4 Bxb1 7. Rxb1 a6 8. Bxd7+ Qxd7 9. Ne2 b5 10. b3 g6 11. 0-0 Bg7 12. Nf4 0-0 13. Re1 Rfe8 14. Ba3 a5 15. Nd3 b4 16. Bc1 c6 17. Ne5 Qf5 18. Qd3 Qxd3 19. Nxd3 cxd5 20. Bf4 Rac8 21. c5 Nd7 22. Ne5 Bxe5 23. Bxe5 Nxe5 24. Rxe5 e6 25. Rbe1 Red8 26. g4 Rc6 27. f4 Kg7 28. f5 Kf6 29. g5+ Ke7 30. f6+ Kd7 31. R1e3 Ra6 32. Rh3 Rh8 33. Ree3 a4 34. bxa4 Rxa4 35. a3 bxa3 36. Rxa3 Rxd4 37. Ra7+ Kc6 38. Rxf7 Rg4+ 39. Rg3 Rxg3+ 40. hxg3 Kxc5 41. Re7 Kd6 42. Rg7 Ke5 43. Kf2 Kf5 44. Re7 Kxg5 45. Rxe6 Rf8 46. Kg2 Rxf6 47. Re7 h5 48. Rd7 Rf5 49. Rd6 Re5 50. Kf2 Kf5 51. Rd8 Ke4 52. Rg8 g5 53. Ke2 d4 54. Rg7 d3+ 55. Kd2 Kf3 0-1

[Event "Vojvodina-chT"]
[Site "Kovacica"]
[Date "2019.11.06"]
[Round "8.6"]
[White "Stikovic, Dobrica"]
[Black "Petrovic, Nikola V"]
[Result "1-0"]
[WhiteElo "2146"]
[BlackElo "2069"]
[PlyCount "117"]
[EventDate "2019.11.01"]
[EventType "team-tourn"]
[EventRounds "11"]
[EventCountry "SRB"]
[SourceTitle "CBM 192 Extra"]
[Source "Chessbase"]
[SourceDate "2019.11.06"]
[SourceVersion "1"]
[SourceVersionDate "2019.11.06"]
[SourceQuality "1"]
[WhiteTeam "Novi Sad Vojvodina"]
[BlackTeam "Petrovaradin Kraljica"]
[WhiteTeamCountry "SRB"]
[BlackTeamCountry "SRB"]

1. d4 d5 2. c4 e6 3. Nc3 Nf6 4. cxd5 exd5 5. Bg5 Be7 6. e3 c6 7. Bd3 0-0 8. Qc2 Nbd7 9. Nge2 Re8 10. 0-0 Nf8 11. f3 c5 12. Rae1 g6 13. Nf4 cxd4 14. exd4 Ne6 15. Nxe6 Bxe6 16. Qf2 Nh5 17. Bxe7 Rxe7 18. Qh4 Re8 19. Qxd8 Raxd8 20. g3 f5 21. Re5 Kf7 22. Rfe1 Nf6 23. Nb5 Re7 24. Nxa7 Nd7 25. R5e2 Ra8 26. Nb5 Rxa2 27. Nc7 Nf8 28. Nxd5 Rd7 29. Nc3 Rxd4 30. Nxa2 Bxa2 31. Bb1 Bd5 32. Re7+ Kf6 33. Kf2 h5 34. R7e3 Bc6 35. Rd3 Rxd3 36. Bxd3 Ne6 37. Ke3 g5 38. f4 Nc5 39. Bc4 Be4 40. Kd4 Nd7 41. Bd5 Bxd5 42. Kxd5 Nb6+ 43. Kd4 Nd7 44. b4 Nf8 45. Kd5 gxf4 46. gxf4 Ng6 47. Re6+ Kf7 48. Rxg6 Kxg6 49. Kd6 h4 50. h3 Kf6 51. b5 b6 52. Kd7 Kf7 53. Kc6 Ke6 54. Kxb6 Kd5 55. Ka5 Ke4 56. b6 Kxf4 57. b7 Kg3 58. b8Q+ Kxh3 59. Qf4 1-0

[Event "Vojvodina-chT"]
[Site "Kovacica"]
[Date "2019.11.02"]
[Round "2.6"]
[White "Petrovic, Nikola V"]
[Black "Gavric, Zivojin"]
[Result "1/2-1/2"]
[WhiteElo "2069"]
[BlackElo "2108"]
[PlyCount "100"]
[EventDate "2019.11.01"]
[EventType "team-tourn"]
[EventRounds "11"]
[EventCountry "SRB"]
[SourceTitle "CBM 192 Extra"]
[Source "Chessbase"]
[SourceDate "2019.11.06"]
[SourceVersion "1"]
[SourceVersionDate "2019.11.06"]
[SourceQuality "1"]
[WhiteTeam "Petrovaradin Kraljica"]
[BlackTeam "Nova Pazova Mladost"]
[WhiteTeamCountry "SRB"]
[BlackTeamCountry "SRB"]

1. e4 c6 2. d4 d5 3. exd5 cxd5 4. c4 Nf6 5. Nc3 g6 6. cxd5 Nxd5 7. Bc4 Nb6 8. Bb3 Bg7 9. d5 0-0 10. Nge2 Na6 11. Be3 Bg4 12. 0-0 Rc8 13. h3 Bd7 14. Qd2 Nc5 15. Bxc5 Rxc5 16. Qe3 Rc8 17. Rfe1 a5 18. a4 Nc4 19. Bxc4 Rxc4 20. b3 Rb4 21. Rab1 Re8 22. Red1 Qc7 23. Nd4 Qc5 24. Ncb5 Bf6 25. Rbc1 Qb6 26. Rc4 Bxb5 27. Rxb4 axb4 28. Nxb5 Qxe3 29. fxe3 Rc8 30. Rd2 Rc1+ 31. Kf2 Be5 32. Ke2 Rb1 33. Rd3 f5 34. d6 exd6 35. Nxd6 Bxd6 36. Rxd6 Rxb3 37. Rb6 Rb1 38. Rxb7 b3 39. a5 b2 40. Kf2 Ra1 41. Rxb2 Rxa5 42. Rb7 Ra2+ 43. Kf3 Ra4 44. g4 fxg4+ 45. hxg4 Ra1 46. Kf4 Rf1+ 47. Kg5 Rg1 48. e4 h5 49. Kxg6 Rxg4+ 50. Kxh5 Rxe4 1/2-1/2

[Event "Paracin Summer op-B 12th"]
[Site "Paracin"]
[Date "2019.07.12"]
[Round "9"]
[White "Petrovic, Nikola V"]
[Black "Radojkovic, Stefan"]
[Result "1-0"]
[WhiteElo "2053"]
[BlackElo "1895"]
[PlyCount "79"]
[EventDate "2019.07.05"]
[EventType "swiss"]
[EventRounds "9"]
[EventCountry "SRB"]
[SourceTitle "EXT 2020"]
[Source "ChessBase"]
[SourceDate "2019.10.17"]
[SourceVersion "1"]
[SourceVersionDate "2019.10.17"]
[SourceQuality "1"]

1. e4 c5 2. Nf3 e6 3. Nc3 a6 4. d4 cxd4 5. Nxd4 Qc7 6. a3 d6 7. Be3 Nf6 8. f4 b5 9. Qf3 Bb7 10. g4 Nc6 11. Nxc6 Bxc6 12. g5 Nd7 13. 0-0-0 Rc8 14. Bd3 Nc5 15. f5 Nxd3+ 16. Rxd3 exf5 17. Qxf5 Be7 18. Bd4 Bd7 19. Qf4 0-0 20. h4 Be6 21. Bf6 Rfd8 22. Rhd1 Kf8 23. h5 Bc4 24. R3d2 Qc5 25. h6 gxf6 26. gxf6 Qe5 27. fxe7+ Kxe7 28. Qh4+ f6 29. Nd5+ Bxd5 30. Rxd5 Qe6 31. Qg3 Rc6 32. Rg1 Rd7 33. Qg7+ Kd8 34. Qf8+ Kc7 35. Rg8 Kb6 36. Qb8+ Ka5 37. Rxb5+ axb5 38. b4+ Ka6 39. Qa8+ Kb6 40. Rb8+ 1-0

[Event "Paracin Summer op-B 12th"]
[Site "Paracin"]
[Date "2019.07.10"]
[Round "7"]
[White "Petrovic, Nikola V"]
[Black "Pavan, BNB"]
[Result "1/2-1/2"]
[WhiteElo "2053"]
[BlackElo "1993"]
[PlyCount "97"]
[EventDate "2019.07.05"]
[EventType "swiss"]
[EventRounds "9"]
[EventCountry "SRB"]
[SourceTitle "EXT 2020"]
[Source "ChessBase"]
[SourceDate "2019.10.17"]
[SourceVersion "1"]
[SourceVersionDate "2019.10.17"]
[SourceQuality "1"]

1. e4 c5 2. Nf3 g6 3. d4 cxd4 4. Qxd4 Nf6 5. Nc3 Nc6 6. Qa4 d6 7. e5 dxe5 8. Nxe5 Bd7 9. Nxd7 Qxd7 10. Be3 Bg7 11. Be2 0-0 12. Rd1 Qf5 13. 0-0 a6 14. Bf3 b5 15. Qb3 Rac8 16. Nd5 Nxd5 17. Rxd5 Ne5 18. Bd1 Qe6 19. c3 Nc4 20. Rd3 Rfd8 21. Be2 Rxd3 22. Bxd3 Nxe3 23. Qxe6 fxe6 24. fxe3 Bh6 25. Rf3 Rd8 26. e4 Bg7 27. Kf1 Be5 28. g3 Kg7 29. Ke2 Rb8 30. Kd2 a5 31. Kc2 b4 32. Bc4 Rb6 33. cxb4 Rxb4 34. b3 a4 35. Kd3 axb3 36. axb3 Rb6 37. Kc2 Bd4 38. Kb1 h5 39. h3 g5 40. Kc2 Bc5 41. Kb2 Rd6 42. Kc3 Rd4 43. b4 Bb6 44. Bxe6 Rxe4 45. Bd5 Re3+ 46. Kc4 Rxf3 47. Bxf3 h4 48. gxh4 gxh4 49. Kd5 1/2-1/2

[Event "Novi Sad-Turkey GpA"]
[Site "Novi Sad"]
[Date "2018.08.14"]
[Round "10"]
[White "Ozkan, Taha"]
[Black "Petrovic, Nikola V"]
[Result "1/2-1/2"]
[WhiteElo "1927"]
[BlackElo "2057"]
[PlyCount "101"]
[EventDate "2018.08.07"]
[EventType "schev"]
[EventRounds "10"]
[EventCountry "SRB"]
[SourceTitle "CBM 186 Extra"]
[Source "ChessBase"]
[SourceDate "2018.08.24"]
[SourceVersion "1"]
[SourceVersionDate "2018.08.24"]
[SourceQuality "1"]

1. d4 d5 2. c4 c6 3. Nf3 Nf6 4. Nc3 dxc4 5. a4 Na6 6. e4 Bg4 7. Bxc4 e6 8. Be3 Nb4 9. 0-0 a5 10. Rc1 Be7 11. h3 Bh5 12. Qe2 0-0 13. Rfd1 Qc7 14. d5 exd5 15. exd5 Rad8 16. dxc6 bxc6 17. Rxd8 Rxd8 18. Rd1 h6 19. Rxd8+ Bxd8 20. Qd1 Qe7 21. g4 Bg6 22. Ne5 Qxe5 23. Qxd8+ Kh7 24. Qd4 Qxd4 25. Bxd4 Nfd5 26. Kg2 Bc2 27. b3 g5 28. Kg3 Kg6 29. h4 gxh4+ 30. Kxh4 f5 31. f3 c5 32. Be5 Nxc3 33. Bxc3 fxg4 34. fxg4 Nc6 35. Kg3 Be4 36. Bd2 Bc2 37. Kf4 Bd1 38. Bc3 Bc2 39. Bd5 Nb4 40. Be4+ Bxe4 41. Kxe4 Kg5 42. Bd2+ Kxg4 43. Bxh6 Nc2 44. Kd5 Nd4 45. Kc4 Kf5 46. Be3 Nxb3 47. Kxb3 Ke6 48. Kc4 Kd7 49. Kxc5 Kc7 50. Bf4+ Kb7 51. Kb5 1/2-1/2

[Event "Novi Sad-Turkey GpA"]
[Site "Novi Sad"]
[Date "2018.08.12"]
[Round "7"]
[White "Petrovic, Nikola V"]
[Black "Gallevci, Yagiz"]
[Result "1/2-1/2"]
[WhiteElo "2057"]
[BlackElo "1783"]
[PlyCount "87"]
[EventDate "2018.08.07"]
[EventType "schev"]
[EventRounds "10"]
[EventCountry "SRB"]
[SourceTitle "CBM 186 Extra"]
[Source "ChessBase"]
[SourceDate "2018.08.24"]
[SourceVersion "1"]
[SourceVersionDate "2018.08.24"]
[SourceQuality "1"]

1. e4 c6 2. d4 d5 3. exd5 cxd5 4. Bd3 Nc6 5. c3 Nf6 6. Bf4 e6 7. Nf3 Bd6 8. Bxd6 Qxd6 9. 0-0 0-0 10. Re1 Re8 11. Ne5 b6 12. a4 Bb7 13. Nd2 Re7 14. Ndf3 Nd7 15. Nxd7 Rxd7 16. Ne5 Nxe5 17. dxe5 Qc5 18. Qh5 g6 19. Qh6 d4 20. Rad1 Bc6 21. cxd4 Rxd4 22. Rc1 Qd5 23. Bf1 Bb7 24. Rc3 Rg4 25. f3 Rxa4 26. Rd3 Qc5+ 27. Kh1 Qf2 28. Red1 Bd5 29. R3d2 Qh4 30. Qe3 Rc8 31. Rd4 Rxd4 32. Rxd4 Qe7 33. Qh6 Rc7 34. Rh4 f6 35. exf6 Qxf6 36. Rf4 Qe7 37. b4 e5 38. Rg4 Be6 39. Re4 Bf5 40. Bc4+ Be6 41. Be2 Bf5 42. Bc4+ Be6 43. Be2 Bf5 44. Bc4+ 1/2-1/2

[Event "Novi Sad-Turkey GpA"]
[Site "Novi Sad"]
[Date "2018.08.10"]
[Round "4"]
[White "Danaci, Ege"]
[Black "Petrovic, Nikola V"]
[Result "0-1"]
[WhiteElo "2012"]
[BlackElo "2057"]
[PlyCount "118"]
[EventDate "2018.08.07"]
[EventType "schev"]
[EventRounds "10"]
[EventCountry "SRB"]
[SourceTitle "CBM 186 Extra"]
[Source "ChessBase"]
[SourceDate "2018.08.24"]
[SourceVersion "1"]
[SourceVersionDate "2018.08.24"]
[SourceQuality "1"]

1. e4 e5 2. Nf3 d6 3. d4 exd4 4. Qxd4 a6 5. Bf4 Nc6 6. Qd2 Nf6 7. Nc3 Be7 8. 0-0-0 0-0 9. h3 b5 10. Bd3 Be6 11. Nd5 Bxd5 12. exd5 Ne5 13. Nxe5 dxe5 14. Bxe5 Qxd5 15. Bxf6 Qxa2 16. Bxh7+ Kh8 17. Qh6 Bxf6 18. Qh5 Bg5+ 19. Qxg5 Kxh7 20. c3 Rfe8 21. Rhe1 Rxe1 22. Qh4+ Kg8 23. Rxe1 Qa1+ 24. Kd2 Qxb2+ 25. Kd3 c5 26. Re3 b4 27. cxb4 cxb4 28. Qd4 Qxd4+ 29. Kxd4 Rc8 30. Rb3 a5 31. Rb2 Kf8 32. Ra2 Ra8 33. Kc4 Ke7 34. Re2+ Kd6 35. Kb3 Rc8 36. Re3 Rc7 37. h4 Kd5 38. Rd3+ Ke4 39. Re3+ Kd4 40. Kb2 a4 41. Rf3 Re7 42. Rf4+ Re4 43. Rxf7 Re2+ 44. Kb1 Kc3 45. Rf3+ Kc4 46. Rf4+ Kc5 47. Rf5+ Kb6 48. Rf4 Re1+ 49. Ka2 b3+ 50. Kb2 Re2+ 51. Kc3 Rc2+ 52. Kd3 Ra2 53. Kc3 Kc5 54. Rf5+ Kd6 55. Ra5 b2 56. Kc2 a3 57. Rxa3 Rxa3 58. Kxb2 Ra4 59. g3 Re4 0-1

[Event "Novi Sad-Turkey GpA"]
[Site "Novi Sad"]
[Date "2018.08.09"]
[Round "3"]
[White "Petrovic, Nikola V"]
[Black "Altun, Arda"]
[Result "1/2-1/2"]
[WhiteElo "2057"]
[BlackElo "2043"]
[PlyCount "126"]
[EventDate "2018.08.07"]
[EventType "schev"]
[EventRounds "10"]
[EventCountry "SRB"]
[SourceTitle "CBM 186 Extra"]
[Source "ChessBase"]
[SourceDate "2018.08.24"]
[SourceVersion "1"]
[SourceVersionDate "2018.08.24"]
[SourceQuality "1"]

1. e4 c5 2. Nf3 Nc6 3. Bb5 g6 4. c3 Nf6 5. e5 Nd5 6. 0-0 Bg7 7. d4 cxd4 8. cxd4 0-0 9. Nc3 Nxc3 10. bxc3 d6 11. exd6 Qxd6 12. a4 Bg4 13. h3 Bxf3 14. Qxf3 Rac8 15. Re1 Qf6 16. Qg3 e6 17. Ba3 Rfd8 18. Rab1 Ne7 19. Bf1 Nd5 20. c4 Nb6 21. a5 Nxc4 22. Bxc4 Rxc4 23. Rxb7 Qxd4 24. Qf3 Qf4 25. Rd7 Rdc8 26. Red1 h5 27. Qb7 R4c7 28. Rxc7 Qxc7 29. a6 Be5 30. g3 Rb8 31. Qxc7 Bxc7 32. Rd7 Rb1+ 33. Kg2 Bb6 34. Rb7 Rb5 35. Be7 Rf5 36. f4 Kg7 37. Bb4 Bd4 38. Kf3 Rd5 39. g4 hxg4+ 40. hxg4 g5 41. fxg5 Rxg5 42. Bd2 Rd5 43. Be3 Bb6 44. Bxb6 axb6 45. Rxb6 Rg5 46. Kf4 Kf6 47. Rc6 Ra5 48. Kf3 Ke5 49. g5 Kf5 50. Rc7 Ra3+ 51. Ke2 Rxa6 52. Rxf7+ Kxg5 53. Rf3 Ra2+ 54. Ke1 Ra5 55. Rb3 Kf4 56. Rc3 Rd5 57. Ra3 Ke4 58. Rh3 e5 59. Ke2 Kd4 60. Rg3 Ra5 61. Rh3 Ra2+ 62. Ke1 Rc2 63. Rg3 Rc3 1/2-1/2